Premiers of Newfoundland and Labrador - Statistics

General Stats
  • This quiz has been taken 4 times
  • The average score is 8 of 16
Answer Stats
Years Served Party Answer % Correct
2020 - 2025 Liberal Andrew Furey
100%
1949 - 1972 Liberal Joey Smallwood
100%
2003 - 2010 Progressive Conservative Danny Williams
75%
2025 - Present Progressive Conservative Tony Wakeham
75%
1996 - 2000 Liberal Brian Tobin
50%
1989 - 1996 Liberal Clyde Wells
50%
2015 - 2020 Liberal Dwight Ball
50%
2025 Liberal John Hogan
50%
2010 - 2014 Progressive Conservative Kathy Dunderdale
50%
2000 - 2001 Liberal Beaton Tulk
25%
1979 - 1989 Progressive Conservative Brian Peckford
25%
1972 - 1979 Progressive Conservative Frank Moores
25%
2014 - 2015 Progressive Conservative Paul Davis
25%
2001 - 2003 Liberal Roger Grimes
25%
2014 Progressive Conservative Tom Marshall
25%
1989 Progressive Conservative Tom Rideout
25%
No matching quizzes found
Score Distribution
Percent of People with Each Score
Percentile by Number Answered
Your Score History
You have not taken this quiz